| 000 | 00000nam 2200000zi 4500 |
| 001 | 9.924854 |
| 003 | CaOODSP |
| 005 | 20231114144437 |
| 006 | m o d f |
| 007 | cr cn||||||||| |
| 008 | 230707e20230525onc ob f000 0 eng d |
| 020 | |a9780660494111 |
| 040 | |aCaOODSP|beng|erda|cCaOODSP |
| 043 | |an-cn--- |
| 086 | 1 |aHR4-102/2023E-PDF |
| 100 | 1 |aSmith, Charles C., |eauthor. |
| 245 | 10|aAnti-racism & organizational change : |ba guide for employers / |ccontent provided by: Charles C. Smith, Birgit Rohde, PhD. |
| 264 | 1|aOttawa, Ontario : |bCanadian Human Rights Commission = Commission canadienne des droits de la personne, |cMay 25, 2023. |
| 264 | 4|c©2023 |
| 300 | |a1 online resource (31 pages) |
| 336 | |atext|btxt|2rdacontent |
| 337 | |acomputer|bc|2rdamedia |
| 338 | |aonline resource|bcr|2rdacarrier |
| 500 | |aIssued also in French under title: Lutte contre le racisme et changement organisationnel : un guide pratique pour les employeurs. |
| 504 | |aIncludes bibliographical references. |
| 650 | 0|aAnti-racism|xGovernment policy|zCanada. |
| 650 | 0|aRacism in the workplace|zCanada|xPrevention. |
| 710 | 2 |aCanadian Human Rights Commission, |eissuing body. |
| 710 | 2 |aCharles C. Smith Consulting, |econsultant. |
| 775 | 08|tLutte contre le racisme et changement organisationnel : |w(CaOODSP)9.924853 |
| 856 | 40|qPDF|s656 KB|uhttps://publications.gc.ca/collections/collection_2023/ccdp-chrc/HR4-102-2023-eng.pdf |